Statistics for "Rio" Cities Map Quiz

Click here to take the quiz!

General Stats

  • This quiz has been taken 10 times
  • The average score is 3 of 13

Answers on the Map

Answers color-coded by a green-red scale on the quiz's map according to % correct below.
 

Answer Stats

Answer% Correct
Rio de Janeiro
100%
Rio Branco
30%
Rio Grande
30%
Rio Rancho
30%
Rio Verde
30%
San Luis Río Colorado
30%
Riobamba
20%
São José do Rio Preto
20%
Río Cuarto
10%
Río Gallegos
10%
Riohacha
10%
San Juan del Río
10%
Boca del Río
0%

Score Distribution

Percentile by Number Answered

Percent of People with Each Score

Your Score History

You have not taken this quiz